Atatürk ve devrimleri tarihi bibliyografyası = Bibliography of the history of Atatürk and his reforms (Record no. 9865)
[ view plain ]
| 000 -BAŞLIK | |
|---|---|
| Sabit Uzunlukta Kontrol Alanı | 00856na a2200253 4500 |
| 001 - KONTROL NUMARASI | |
| Denetim Alanı | 23708 |
| 003 - KONTROL NUMARASI IDENTIFIER | |
| Denetim Alanı | MIRAKIL |
| 005 - SON İŞLEM TARİHİ VE ZAMANI | |
| Denetim Alanı | 20181213155258.0 |
| 008 - SABİT-BOY VERİ ELEMANLARI - GENEL BİLGİLER | |
| Sabit Uzunlukta Kontrol Alanı | 171212b tu 000 0 |
| 040 ## - KATALOGLAMA KAYNAK | |
| Orijinal Kataloglama Ajansı | Milas |
| Kataloglama Dili | tur |
| Metne Dönüştürmek Ajansı | TR-AnCHP |
| 041 ## - DİL KODU | |
| Metin / Ses Parça Veya Ayrı Başlığın Dil Kodu | tur |
| -- | eng |
| 082 ## - DEWEY ONLU SINIFLANDIRMA NUMARASI | |
| Sınıflandırma Numarası | ATA 016.9561024092 |
| Ürün Numarası | A72 1968 |
| 090 ## - SINIFLAMA NUMARASI | |
| Sınıflama Numarası | ATA 016.9561024092 A72 1968 |
| 245 ## - BAŞLIK TABLOSU | |
| Başlık | Atatürk ve devrimleri tarihi bibliyografyası = Bibliography of the history of Atatürk and his reforms |
| Sorumluluk Tablosu, Vb | hazırlayan M. Muzaffer Gökman |
| 250 ## - EDITION TABLOSU | |
| Baskı Beyanı | 2. bs. |
| 260 ## - YAYIN, DAĞITIM, VB | |
| Yayın, Dağıtım, Vb Yeri | İstanbul |
| Yayıncı, Dağıtıcı, Vs Adı | Milli Eğitim Bakanlığı |
| Yayın, Dağıtım, Vb Tarihi | 1968 |
| Üretici Firma | Milli Eğitim Basımevi |
| 300 ## - FİZİKSEL TANIM | |
| Kapsam | 704 s. |
| Boyutlar | 24 sm. |
| 440 ## - SERİSİ TABLOSU / KATMA GİRİŞİ - BAŞLIK | |
| Başlık | Atatürk serisi |
| Hacim / Ardışık Tanımı | No: 2 |
| 504 ## - KAYNAKÇA VB NOT | |
| Kaynakça Vb Notu | Dizin var. |
| 600 ## - KONU KATMA GİRİŞ - KURUMSAL ADI | |
| Kişisel Ad | Atatürk, Mustafa Kemal |
| Genel Alt Bölümü | Bibliyografyalar |
| 650 ## - KONU KATMA GİRİŞ - TOPİKAL DÖNEM | |
| Topikal Süreli Veya Coğrafi Ad Giriş Elemanı | Türkiye |
| Genel Alt Bölümü | Tarih |
| Kronolojik Alt Bölümü | Bibliyografyalar |
| 700 ## - KATMA GİRİŞ - KİŞİSEL İSİM | |
| Kişisel Ad | Gökman, Muzaffer |
| Relator Terim | haz. |
| 942 ## - EKLENDİ GİRİŞ ELEMANLARI (KOHA) | |
| Sınıflandırma Veya Raf Düzeni Kaynak | Dewey Decimal Classification |
| Koha Öğesi Türü | Books |
| 999 ## - SİSTEM KONTROL NUMARALARI (KOHA) | |
| Koha Biblionumber | 9865 |
| Koha Biblioitemnumber | 9865 |
| Kalıcı Konum | Mevcut Konum | Edinme Tarihi | Edinim Kaynak | Toplam Check-Out'Lar | Tam Çağrı Numarası | Barkod | Tarih Son Görülme | İtibaren Geçerli Fiyatlar | Koha Öğesi Türü |
|---|---|---|---|---|---|---|---|---|---|
| CHP Kütüphanesi | CHP Kütüphanesi | 12/12/2017 | Bağış | ATA 016.9561024092 A72 1968 | 017700 | 12/12/2017 | 12/12/2017 | Books |
